Loading...

Public finance

Bibliographic Details
Main Author: Tyagi, B P
Format: Printed Book
Published: Meerut Jai Prakash Nath Publications 1987
Edition:14 edition
Subjects:
LEADER 00462nam a2200157 4500
082 |a 336 TYA-P14 
100 |a Tyagi, B P 
245 |a Public finance 
250 |a 14 edition 
260 |a Meerut  |b Jai Prakash Nath Publications  |c 1987 
300
490
650 |a Public finance-- Economics 
942 |c BK 
999 |c 226805  |d 226805 
952 |0 0  |1 0  |4 0  |6 336_000000000000000_TYAP14  |7 0  |9 240936  |a SDE  |b SDE  |d 2019-12-12  |l 0  |o 336 TYA-P14  |p SDE6141  |r 2019-12-12  |w 2019-12-12  |y BK